L. N. Tônxtôi : Đỉnh cao hùng vĩ của văn học Nga

Spremljeno u:
Bibliografski detalji
Format: Knjiga
Jezik:Undetermined
Izdano: Thành phố Hồ Chí Minh Trẻ 2006
Teme:
Oznake: Dodaj oznaku
Bez oznaka, Budi prvi tko označuje ovaj zapis!
Thư viện lưu trữ: Trung tâm Học liệu Trường Đại học Cần Thơ
LEADER 00634nam a2200217Ia 4500
001 CTU_120669
008 210402s9999 xx 000 0 und d
020 |c 19500 
082 |a 891.7309 
082 |b T454 
245 0 |a L. N. Tônxtôi : 
245 0 |b Đỉnh cao hùng vĩ của văn học Nga 
245 0 |c Nguyễn Văn Kha biên soạn 
260 |a Thành phố Hồ Chí Minh 
260 |b Trẻ 
260 |c 2006 
650 |a Russian literature,Russian fiction 
650 |x History and criticism 
650 |y 19th century 
904 |i Minh 
980 |a Trung tâm Học liệu Trường Đại học Cần Thơ